Bandas de Rock en Español #5 - Estadísticas

Estadísticas generales
  • Esta prueba ha sido intentada 30 veces
  • La puntuación promedio es 6 de 24
Estadísticas de respuestas
País Canciones Banda % Correcto
España "La flaca", "Bonito", "Agua" Jarabe de Palo
96%
México "Oye Mi Amor", "Mariposa Traicionera", "Rayando el Sol" Maná
84%
España "Niño Soldado", "El Vals del Obrero", "Cannabis" Ska-P
72%
España "Si te vas...", "La vereda de la puerta de atrás", "So Payaso" Extremoduro
60%
Argentina "Lunes Por La Madrugada", "Cosas Mías", "Mil Horas" Los Abuelos de la Nada
56%
Argentina "Por Mil Noches", "Cae el Sol", "Cicatrices" Airbag
28%
Argentina "El Loco", "Irresponsables", "Como Eran Las Cosas" Babasónicos
24%
Chile "Déjate Caer", "He Barrido el Sol", "La Torre de Babel" Los Tres
24%
España "Tú por mí", "Voy en un coche", "1.000 pedazos" Christina y Los Subterráneos
20%
México "Las piedras rodantes", "Triste canción", "Pobre soñador" El Tri
20%
Chile "Enamorado De Ti", "Freebola", "Mi Destino" Glup!
20%
Argentina "Ya No Sos Igual", "Aeropuerto", "Amor Suicida" 2 Minutos
16%
México "Cita en el Quirófano", "Los Malaventurados No Lloran", "Disculpa los Malos Pensamientos" PXNDX
16%
Argentina "Seminare", "Salir De La Melancolía", "Viernes, 3AM" Serú Girán
16%
Perú "Cuando La Cama Me Da Vueltas", "Y Es Que Sucede Así", "Cómo Te Va Mi Amor" Arena Hash
12%
Perú "Demolición", "Fugitivo de Alcatraz", "Ana" Los Saicos
12%
Chile "Cuando Respiro En Tu Boca", "Milagro", "Mataz" Lucybell
12%
México "Sabor a Chocolate", "Ángel", "Así Es La Vida" Elefante
8%
México "Somos Ajenos", "Impacto", "Dulce Soledad" Enjambre
8%
México "Ella Estrella", "Tornasol", "Califórnica" La Gusana Ciega
8%
Perú "No será lo mismo sin ti", "Como un Perro", "En Está Habitación" Libido
8%
México "Super Riddim Internacional", "Dormir Soñando", "Círculo De Amor" El Gran Silencio
4%
México "El Microbito", "Hoy Tengo Miedo", "Vivo" Fobia
4%
Venezuela "Viviré Para Ti", "Mentiras", "La Que Me Gusta" Los Amigos Invisibles
4%
No se encontraron pruebas coincidentes
Distribución de puntuación
Porcentaje de gente con cada puntuación
Porcentaje por número respondido
Historial de tus puntuaciones
No has intentado esta prueba.